000
00209 a2200097 4500
001
22592
100
_a
Shrader, R L
245
_a
Electronic communication
260
_a
_b
Mc Grawhill
_c
090
_c
15250
_d
15250
942
_a
NUST-CAE
_c
M
_c
5837
999
_c
257665
_d
257665